| 000 | 00830cam a22002534a 4500 | ||
|---|---|---|---|
| 001 | 13145127 | ||
| 005 | 20180306090615.0 | ||
| 008 | 030402s2004 mdu b 001 0 eng | ||
| 010 | _a 2003046650 | ||
| 020 | _a0742525562 (cloth : alk. paper) | ||
| 020 | _a0742525570 (pbk. : alk. paper) | ||
| 040 |
_aDLC _cDLC _dDLC |
||
| 041 | _aeng | ||
| 042 | _apcc | ||
| 080 | _a327.117 ART | ||
| 082 | 0 | 0 |
_a327.117 ART _221 |
| 100 | _a22 | ||
| 101 | _aPOL | ||
| 245 | 0 | 4 |
_aThe use of force : _cedited by Robert J. Art and Kenneth N. Waltz. |
| 504 | _aIncludes bibliographical references. | ||
| 906 |
_a7 _bcbc _corignew _d1 _eocip _f20 _gy-gencatlg |
||
| 942 |
_2ddc _cBK |
||
| 999 |
_c44217 _d44217 |
||